| 000 | 00728cam a22002172 4500 | ||
|---|---|---|---|
| 001 | 0000001548 | ||
| 005 | 20151217151820.0 | ||
| 008 | 070315s xx 000 0 eng d | ||
| 020 |
_a0333971272 : _cKES 9,340 |
||
| 040 |
_aKABU _cKABU |
||
| 050 | 0 |
_aHC910 _b.I53 |
|
| 245 | 1 | 0 |
_aIndustrial change in Africa : _bZimbabwean firms under structural adjustment / _cedited by Jan Willen Gunning, and Remco Oostendorp. |
| 260 |
_aNew York : _bPalgrave, _c2002. |
||
| 300 | _axvi, 304 p. | ||
| 651 | 0 |
_aZimbabwe _xEconomic conditions. _@0000150380 |
|
| 700 | 1 |
_aGunning, Jan Willen. _@0000150381 |
|
| 700 | 1 |
_aOostendorp, Remco. _@0000150382 |
|
| 908 | _a070315 | ||
| 950 | _@1 | ||
| 999 |
_c5308 _d5308 |
||